| 000 | 00456cam a22001577a 4500 | ||
|---|---|---|---|
| 008 | 180718b2008 xxu||||| |||| 00| 0 eng d | ||
| 020 | _a8190598804 | ||
| 082 | _aT15x54 Sh23 | ||
| 100 | _aSharma, Sandhir | ||
| 245 |
_aConsumer research _cby Sandhir Sharma and Gautam Bansal |
||
| 260 |
_aDelhi _bNovatech Scientifics & Informatics _c2008 |
||
| 300 | _a274p. | ||
| 650 | _aConsumers behaviour | ||
| 650 | _aConsumers- Research | ||
| 700 | _aBansal, Gautam | ||
| 999 |
_c407321 _d407321 |
||